Syria : an historical appreciation /

محفوظ في:

المؤلف الرئيسي: Fedden, Robin, 1908-1977.

التنسيق: كتاب

اللغة: English

منشور في: London : Hale, [1956].

الطبعة: [Rev. ed.]

الموضوعات:

الوسوم: إضافة وسم

لا توجد وسوم, كن أول من يضع وسما على هذه التسجيلة!

رقم الطلب: DS94 .F4 1956

LEADER 01011cam a2200277Ma 4500
001 ocn934204109
003 OSt
005 20241020120451.0
008 870707t19561955enka 000 0 eng d
999 |c 55515  |d 55515 
040 |c ARCE Library 
043 |a a-sy--- 
050 4 |a DS94 .F4 1956 
100 1 |a Fedden, Robin,   |d 1908-1977. 
245 1 0 |a Syria :  |b an historical appreciation /  |c by Robin Fedden, illustrated from photographs mainly by A. Costa. 
250 |a [Rev. ed.] 
264 1 |a London :  |b Hale,  |c [1956]. 
264 4 |c 1955. 
300 |a 243 pages :  |b illustrations ;   |c 23 cm. 
500 |a Map on lining-papers. 
504 |a "Books" (bibliography) p. 227-230. 
505 0 |a Introduction -- Three towns -- Phoenician coast -- The Roman peace -- A river and Byzantium -- Bedouin and desert palaces -- Crusader castles -- Turks, travelers and the mountain -- The contemporary scene. 
651 0 |a Syria  |x History. 
651 0 |a Syria   |x Description and travel. 
901 |a reviewed 
942 |2 lcc  |c BK